000 01313nam a2200313 i 4500
001 185072
003 ES-MaACL
005 20250720204408.0
008 160317s2004 ag |||| | spa d
020 _a987-1155-11-5
080 _a821.133.1-23"19"(082.2)
245 0 0 _aTeatro francés hoy (uno) :
_btintas frescas en Buenos Aires /
_cprólogo y edición al cuidado de Jorge Dubatti.
260 _aBuenos Aires :
_bAtuel,
_c[2004]
300 _a187 p. ;
_c20 cm.
490 1 _aAtuel. Teatro
504 _aBibliografía: p. 12.
505 8 _aContiene: Chroniques = Crónicas / Xavier Durringer . Ma vie de chandelle = Aguantando la vela / Fabrice Melquiot . Inventaires = Inventarios / Philippe Minyana . L'inquiétude = La inquietud / Valère Novarina
546 _aTexto en francés y español.
594 _aEn cub.: Encuentros Teatrales de Francia y América Latina.
650 4 _aTeatro francés-
_yS.XX.
_917362
700 1 _aDubatti, Jorge A. (
_d1963-)
_9159122
700 1 _aDurringer, Xavier,
_d1963-
_9159124
700 1 _aMelquiot, Fabrice (
_d1972-)
_9159125
700 1 _aMinyana, Philippe.
_9159126
700 1 _aNovarina, Valère (
_d1942-)
_9159127
830 1 _aAtuel. Teatro
_9225164
852 4 _aES-MaACL
_jL-30264
_z- Donat. Carmen Zumárraga
999 _c185072
_d185072